[Event "18th EUR-ch (w)"]
[Site "Riga LAT"]
[Date "2017.04.19"]
[Round "8.71"]
[White "Zvereva, Margarita"]
[Black "Ristoja, Aulikki"]
[Result "1-0"]
[WhiteElo "1771"]
[BlackElo "1716"]
[EventDate "2017.04.11"]
[PlyCount "103"]

1.e4 d5 2.exd5 Qxd5 3.Nc3 Qa5 4.d4 Nf6 5.Nf3 Bg4 6.h3 Bxf3 7.Qxf3 c6 8.Bd2
Nbd7 9.O-O-O e6 10.Kb1 Bb4 11.Ne4 Bxd2 12.Nxd2 Rc8 13.Nc4 Qc7 14.Qa3 c5 
15.dxc5 O-O 16.Qf3 Nxc5 17.Be2 Nce4 18.g4 Qc5 19.Rhf1 b5 20.Ne3 Ng5 21.Qg2
h6 22.h4 Ngh7 23.Bd3 Rfd8 24.Rg1 Nd5 25.Nxd5 Rxd5 26.Rc1 Nf6 27.g5 hxg5 
28.hxg5 Ne8 29.g6 f5 30.Qh3 Kf8 31.Qh8+ Ke7 32.Qg8 Kd6 33.Rge1 Re5 34.f4 
Rxe1 35.Rxe1 Qd5 36.Qf8+ Kc6 37.Qe7 Nc7 38.Qxg7 Qf3 39.Qe5 a6 40.Rg1 Qf2 
41.Rd1 Qg3 42.Be2 Rg8 43.Bh5 Qh3 44.Qe2 Kb6 45.Qf2+ Kb7 46.Bf3+ Nd5 47.Rh1
Rxg6 48.Rxh3 Kc7 49.Bxd5 exd5 50.Qc5+ Kd7 51.Rh7+ Kd8 52.Qf8# 1-0

[Event "18th EUR-ch (w)"]
[Site "Riga LAT"]
[Date "2017.04.20"]
[Round "9.2"]
[White "Goriachkina, Alexandra"]
[Black "Kashlinskaya, Alina"]
[Result "1/2-1/2"]
[WhiteElo "2452"]
[BlackElo "2426"]
[EventDate "2017.04.11"]
[PlyCount "81"]

1.d4 Nf6 2.c4 e6 3.Nc3 Bb4 4.f3 c5 5.d5 d6 6.e4 O-O 7.Ne2 b5 8.Ng3 Re8 9.
Bf4 exd5 10.cxd5 c4 11.a4 bxa4 12.Rxa4 Qb6 13.Bxc4 Bd7 14.Ra2 a5 15.Qd3 
Bc5 16.Ke2 Na6 17.Bxa6 Rxa6 18.Be3 Bxe3 19.Qxe3 Bb5+ 20.Kf2 Bc4 21.Qxb6 
Rxb6 22.Rxa5 Rxb2+ 23.Nge2 g6 24.Rb1 Rc2 25.Ke3 Nd7 26.Rc1 Rb2 27.Nd4 Rxg2
28.Ncb5 Bxb5 29.Nxb5 Rb8 30.Rc7 Ne5 31.f4 Ng4+ 32.Kf3 Rg1 33.h3 Nh2+ 34.
Kf2 Rb1 35.Nd4 Rd1 36.Nb5 Rd2+ 37.Ke3 Nf1+ 38.Kf3 Nh2+ 39.Ke3 Nf1+ 40.Kf3 
Nh2+ 41.Ke3 1/2-1/2

[Event "18th EUR-ch (w)"]
[Site "Riga LAT"]
[Date "2017.04.20"]
[Round "9.14"]
[White "Zawadzka, Jolanta"]
[Black "Buksa, Natalia"]
[Result "1/2-1/2"]
[WhiteElo "2449"]
[BlackElo "2314"]
[EventDate "2017.04.11"]
[PlyCount "127"]

1.e4 e5 2.Nf3 Nc6 3.Nc3 Nf6 4.d4 exd4 5.Nxd4 Bb4 6.Nxc6 bxc6 7.Bd3 d5 8.
exd5 cxd5 9.O-O O-O 10.h3 c6 11.Qf3 Bd6 12.Re1 Rb8 13.b3 Be6 14.Bb2 Bb4 
15.Red1 Bd6 16.Ne2 c5 17.Ng3 Rb4 18.c4 d4 19.a3 Rb8 20.b4 Nd7 21.Ne4 Ne5 
22.Qe2 Nxd3 23.Qxd3 Be7 24.Rd2 cxb4 25.Bxd4 Qc7 26.axb4 Bxc4 27.Qe3 Rxb4 
28.Rc2 Qb8 29.Ng3 Re8 30.Bxa7 Qb5 31.Re1 Be6 32.Bc5 Rb3 33.Qc1 Bxc5 34.
Rxc5 Qb4 35.Nh5 h6 36.Kh2 Rb1 37.Qxb1 Qxc5 38.Qd1 Qxf2 39.Qa1 f6 40.Rf1 
Qc5 41.Nf4 Bf7 42.Kh1 Qd6 43.h4 Qb4 44.Qd1 Qc4 45.Kh2 Re4 46.g3 h5 47.Rf2 
Qc5 48.Rc2 Qf5 49.Rf2 Qe5 50.Qd8+ Qe8 51.Qb6 Re1 52.Rd2 Qe4 53.Rg2 Kh7 54.
Rg1 Rxg1 55.Kxg1 Qe5 56.Qb1+ Kg8 57.Qd1 g5 58.hxg5 Qxg5 59.Kh2 h4 60.Qf3 
hxg3+ 61.Qxg3 Kg7 62.Qxg5+ fxg5 63.Nh3 Kf6 64.Nxg5 1/2-1/2

[Event "18th EUR-ch (w)"]
[Site "Riga LAT"]
[Date "2017.04.20"]
[Round "9.57"]
[White "Paramzina, Anastasia"]
[Black "Ozbay, Ece"]
[Result "1/2-1/2"]
[WhiteElo "2202"]
[BlackElo "2035"]
[EventDate "2017.04.11"]
[PlyCount "69"]

1.e4 c5 2.Nf3 e6 3.d4 cxd4 4.Nxd4 Nc6 5.Nc3 Qc7 6.Be3 a6 7.Be2 Bb4 8.O-O 
Nf6 9.Nxc6 bxc6 10.Qd4 Bd6 11.f4 e5 12.Qd2 exf4 13.Bxf4 Bxf4 14.Qxf4 Qxf4 
15.Rxf4 d6 16.a4 a5 17.Nd1 Ba6 18.Bf3 Nd7 19.Ne3 Ne5 20.Rd1 Rd8 21.Rd2 g6 
22.Be2 Bxe2 23.Rxe2 Ke7 24.Ng4 Nxg4 25.Rxg4 f6 26.Rg3 Rb8 27.b3 Rb4 28.Rd3
Rd8 29.Rh3 Rh8 30.Kf2 Ke6 31.Rc3 Rc8 32.Rh3 Rh8 33.Rc3 Rc8 34.Rh3 Rh8 35.
Rc3 1/2-1/2

[Event "18th EUR-ch (w)"]
[Site "Riga LAT"]
[Date "2017.04.20"]
[Round "9.61"]
[White "Gundogan, Sinem Cagla"]
[Black "Hapala, Elisabeth"]
[Result "1-0"]
[WhiteElo "1885"]
[BlackElo "2091"]
[EventDate "2017.04.11"]
[PlyCount "119"]

1.e4 c5 2.d3 Nc6 3.g3 g6 4.Bg2 Bg7 5.Nd2 e6 6.Ngf3 Nge7 7.O-O O-O 8.Re1 e5
9.c3 d6 10.Nf1 Kh8 11.Be3 f5 12.Qd2 Rb8 13.Bg5 Qc7 14.h4 Ng8 15.h5 h6 16.
Nh4 hxg5 17.Nxg6+ Kh7 18.Nxf8+ Bxf8 19.Qxg5 Qg7 20.Qxg7+ Bxg7 21.exf5 Bxf5
22.Be4 Bxe4 23.dxe4 Nf6 24.Rad1 Rd8 25.Kg2 Nxh5 26.Ne3 Kg6 27.Nf5 Bf8 28.
Re2 Ng7 29.Ne3 Kf7 30.Red2 Ke6 31.f4 exf4 32.gxf4 Nh5 33.f5+ Kf6 34.Nc4 d5
35.exd5 Ne7 36.Ne3 Ng7 37.Rf1 Nc8 38.c4 Bd6 39.Rdf2 Rg8 40.Kf3 Nh5 41.Ng4+
Kg5 42.Rg1 Rf8 43.Ne3+ Kf6 44.Rg6+ Ke7 45.Re6+ Kd7 46.Rg2 Rf7 47.Rg5 Nf6 
48.Ng4 Nxg4 49.Kxg4 Bf8 50.f6 Nd6 51.b3 Bh6 52.Rg6 Bf8 53.Kg5 Ne8 54.Rg8 
Nxf6 55.Kg6 Nxg8 56.Kxf7 Ne7 57.Kxf8 Nc8 58.Re8 Nd6 59.Re7+ Kc8 60.Re6 1-0

[Event "18th EUR-ch (w)"]
[Site "Riga LAT"]
[Date "2017.04.20"]
[Round "9.66"]
[White "Narva, Regina"]
[Black "Golsta, Madara"]
[Result "1/2-1/2"]
[WhiteElo "2000"]
[BlackElo "1619"]
[EventDate "2017.04.11"]
[PlyCount "55"]

1.e4 c5 2.Nf3 d6 3.d4 cxd4 4.Nxd4 Nf6 5.Nc3 g6 6.Be2 Bg7 7.O-O O-O 8.Re1 
Nc6 9.Nb3 Be6 10.Bg5 h6 11.Bh4 Rc8 12.Bf1 a6 13.Nd5 Bxd5 14.exd5 Ne5 15.c3
Re8 16.Qd4 g5 17.Bg3 Nh5 18.Qb4 Qd7 19.Rad1 Nxg3 20.hxg3 g4 21.Nd4 Rc5 22.
Qb3 Rec8 23.Re4 R8c7 24.Rf4 Ng6 25.Re4 Ne5 26.Rf4 Ng6 27.Re4 Ne5 28.Rf4 
1/2-1/2

[Event "18th EUR-ch (w)"]
[Site "Riga LAT"]
[Date "2017.04.20"]
[Round "9.67"]
[White "Exler, Veronika"]
[Black "Atte, Rebeka"]
[Result "1-0"]
[WhiteElo "2208"]
[BlackElo "1498"]
[EventDate "2017.04.11"]
[PlyCount "91"]

1.d4 d5 2.Nf3 Nf6 3.e3 e6 4.Bd3 Be7 5.O-O O-O 6.b3 b6 7.Ne5 Bb7 8.Bb2 Nbd7
9.Nd2 Nxe5 10.dxe5 Nd7 11.Qh5 h6 12.f4 Qe8 13.Qh3 Bc5 14.g4 f6 15.g5 f5 
16.gxh6 Qg6+ 17.Kf2 Qxh6 18.Qg3 Kf7 19.Bb5 Ke7 20.Rg1 g6 21.Qg5+ Qxg5 22.
Rxg5 a6 23.Bxd7 Kxd7 24.Rxg6 Rae8 25.Nf3 Rh8 26.Rag1 Rh3 27.R1g3 Reh8 28.
Rxh3 Rxh3 29.Kg2 Rh7 30.Ng5 Rh4 31.Nxe6 Bxe3 32.Kg3 Rh8 33.Ng7 d4 34.Nxf5 
Be4 35.Rg7+ Kc8 36.Nxd4 c5 37.Nf3 Rf8 38.Rg4 Bxc2 39.Ng5 Bd1 40.Ne6 Rf7 
41.Rg6 Rd7 42.Rg8+ Kb7 43.Rg7 Kc6 44.Rxd7 Kxd7 45.Ng7 Bc2 46.Kg4 1-0

[Event "18th EUR-ch (w)"]
[Site "Riga LAT"]
[Date "2017.04.20"]
[Round "9.68"]
[White "Norlamo, Sarabella"]
[Black "Harlinska, Sandra"]
[Result "1/2-1/2"]
[WhiteElo "1619"]
[BlackElo "1881"]
[EventDate "2017.04.11"]
[PlyCount "66"]

1.e4 g6 2.d4 Bg7 3.c3 d6 4.Nf3 Nf6 5.Bd3 O-O 6.O-O Nc6 7.h3 e5 8.dxe5 dxe5
9.Bc2 Be6 10.Qxd8 Rfxd8 11.Be3 Bc4 12.Re1 Bd3 13.Bxd3 Rxd3 14.Nbd2 Rad8 
15.Kf1 Nh5 16.Nb3 b6 17.Ke2 f5 18.exf5 gxf5 19.Bg5 Bf6 20.Bxf6 Nxf6 21.Nh4
Ne7 22.Nd4 e4 23.Rad1 Nfd5 24.g3 f4 25.Rxd3 exd3+ 26.Kxd3 fxg3 27.fxg3 c5 
28.Nb3 Kf7 29.Ke4 Nf6+ 30.Kf3 Rd3+ 31.Re3 Rd1 32.Re2 Rd3+ 33.Re3 Rd1 
1/2-1/2

[Event "18th EUR-ch (w)"]
[Site "Riga LAT"]
[Date "2017.04.21"]
[Round "10.59"]
[White "Pavlidou, Ekaterini"]
[Black "Grapsa, Georgia"]
[Result "1/2-1/2"]
[WhiteElo "2180"]
[BlackElo "2049"]
[EventDate "2017.04.11"]
[PlyCount "45"]

1.d4 Nf6 2.c4 e6 3.Nc3 Bb4 4.e3 b6 5.Ne2 Ne4 6.Qc2 Bb7 7.f3 Nxc3 8.Nxc3 
Qh4+ 9.Qf2 Bxc3+ 10.bxc3 Qxf2+ 11.Kxf2 d6 12.e4 Nc6 13.Be3 Ba6 14.Rb1 O-O 
15.Be2 Na5 16.c5 Bxe2 17.Kxe2 dxc5 18.dxc5 Nc4 19.Rb4 Nxe3 20.Kxe3 Rfd8 
21.Rd4 Kf8 22.Rhd1 Ke7 23.Rxd8 1/2-1/2

[Event "18th EUR-ch (w)"]
[Site "Riga LAT"]
[Date "2017.04.21"]
[Round "10.66"]
[White "Harlinska, Sandra"]
[Black "Erneste, Inguna"]
[Result "1/2-1/2"]
[WhiteElo "1881"]
[BlackElo "2168"]
[EventDate "2017.04.11"]
[PlyCount "95"]

1.e4 e5 2.Nf3 Nc6 3.Bb5 a6 4.Ba4 Nf6 5.O-O Be7 6.Re1 b5 7.Bb3 d6 8.c3 O-O 
9.h3 Nb8 10.d4 Nbd7 11.Nbd2 Bb7 12.Bc2 Re8 13.a4 Bf8 14.Bd3 bxa4 15.Rxa4 
exd4 16.cxd4 g6 17.Qc2 Bg7 18.e5 dxe5 19.dxe5 Nd5 20.e6 Rxe6 21.Rxe6 fxe6 
22.Ne4 Nf8 23.Nc5 Bc6 24.Re4 Qd6 25.Ng5 Re8 26.h4 Nf6 27.Bf4 e5 28.Bxe5 
Rxe5 29.Rxe5 Qxe5 30.Nxa6 h6 31.Qxc6 hxg5 32.hxg5 Qxg5 33.Nxc7 Ng4 34.Qc4+
Kh7 35.Be2 Ne5 36.Qc2 Qf4 37.Nd5 Qd4 38.Ne3 Qf4 39.Nd5 Qd4 40.Ne3 Qb4 41.
Bh5 Qe1+ 42.Kh2 Qb4 43.Kg1 Ne6 44.Bxg6+ Nxg6 45.Qf5 Nf4 46.Ng4 Qxb2 47.g3 
Qc1+ 48.Kh2 1/2-1/2

[Event "18th EUR-ch (w)"]
[Site "Riga LAT"]
[Date "2017.04.22"]
[Round "11.10"]
[White "Cramling, Pia"]
[Black "Vega Gutierrez, Sabrina"]
[Result "1/2-1/2"]
[WhiteElo "2452"]
[BlackElo "2413"]
[EventDate "2017.04.11"]
[PlyCount "62"]

1.d4 d5 2.Nf3 c6 3.c4 e6 4.Qc2 Nf6 5.Bg5 dxc4 6.Qxc4 Nbd7 7.g3 e5 8.dxe5 
Nxe5 9.Nxe5 Qa5+ 10.Nc3 Qxe5 11.Bf4 Qc5 12.Qxc5 Bxc5 13.Bg2 O-O 14.O-O Be6
15.Rac1 Rad8 16.Na4 Bd6 17.Be3 Bd5 18.Bxa7 Ra8 19.Bc5 Bxc5 20.Nxc5 Bxg2 
21.Kxg2 Rxa2 22.Rc2 b6 23.Nd3 c5 24.Rfc1 Re8 25.Kf3 Ne4 26.Nf4 Ng5+ 27.Kg2
Ne6 28.Nxe6 Rxe6 29.b4 Rxe2 30.Rxa2 Rxa2 31.bxc5 bxc5 1/2-1/2

[Event "18th EUR-ch (w)"]
[Site "Riga LAT"]
[Date "2017.04.22"]
[Round "11.12"]
[White "Pustovoitova, Daria"]
[Black "Bodnaruk, Anastasia"]
[Result "1/2-1/2"]
[WhiteElo "2411"]
[BlackElo "2446"]
[EventDate "2017.04.11"]
[PlyCount "126"]

1.d4 Nf6 2.c4 e6 3.Nc3 Bb4 4.e3 O-O 5.Bd3 d5 6.cxd5 exd5 7.Ne2 Re8 8.O-O 
b6 9.Bd2 Bf8 10.Rc1 Bb7 11.Qc2 c5 12.dxc5 bxc5 13.Bb5 Nbd7 14.Rfd1 Qc7 15.
Ng3 Rac8 16.Nce2 a6 17.Ba4 Bc6 18.Bxc6 Qxc6 19.Nd4 Qb7 20.Nf3 g6 21.Bc3 
Bh6 22.Rb1 Re6 23.h3 Nb6 24.Ne2 Qe7 25.Bxf6 Rxf6 26.Nc3 Rd8 27.Rd3 Rfd6 
28.Rbd1 Bg7 29.Ne2 Nc4 30.Nc3 d4 31.Nd5 Rxd5 32.Qxc4 Qe6 33.b3 h6 34.Re1 
Qb6 35.e4 R5d7 36.Nd2 Re8 37.Rc1 Rc7 38.Qd5 Kh7 39.Rf3 Qa5 40.Rc2 Ree7 41.
g3 Red7 42.Qc4 Qb6 43.Qd3 Re7 44.Rc4 Qe6 45.Kg2 h5 46.Ra4 Rc6 47.Qc4 Qxc4 
48.bxc4 Bh6 49.Nb3 Kg8 50.Ra5 Rxe4 51.Rxc5 Rxc5 52.Nxc5 Re2 53.Ra3 Rc2 54.
Ra4 Bf8 55.Nb3 d3 56.Kf3 Bh6 57.Rxa6 Rxc4 58.Rd6 Rc3 59.Ke4 Rc2 60.Rxd3 
Rxa2 61.f4 Ra4+ 62.Nd4 Bg7 63.Ke3 Bxd4+ 1/2-1/2

[Event "18th EUR-ch (w)"]
[Site "Riga LAT"]
[Date "2017.04.22"]
[Round "11.13"]
[White "Muzychuk, Anna"]
[Black "Mammadova, Gulnar"]
[Result "1/2-1/2"]
[WhiteElo "2587"]
[BlackElo "2357"]
[EventDate "2017.04.11"]
[PlyCount "56"]

1.e4 e6 2.d4 d5 3.Nc3 Bb4 4.Ne2 Nf6 5.e5 Nfd7 6.a3 Ba5 7.b4 Bb6 8.Na4 f6 
9.exf6 Qxf6 10.Be3 e5 11.Nxb6 axb6 12.Nc3 c6 13.Be2 O-O 14.O-O b5 15.f4 e4
16.f5 Nb6 17.g4 Qh4 18.Kh1 h5 19.Bf2 Qh3 20.Bg3 Nc4 21.Qc1 hxg4 22.f6 Be6 
23.Qg5 Qh6 24.f7+ Bxf7 25.Qe7 Qe6 26.Qg5 Qh6 27.Qe7 Qe6 28.Qg5 Qh6 1/2-1/2

[Event "18th EUR-ch (w)"]
[Site "Riga LAT"]
[Date "2017.04.22"]
[Round "11.15"]
[White "Javakhishvili, Lela"]
[Black "Milliet, Sophie"]
[Result "1-0"]
[WhiteElo "2456"]
[BlackElo "2352"]
[EventDate "2017.04.11"]
[PlyCount "125"]

1.d4 Nf6 2.c4 e6 3.Nf3 d5 4.g3 dxc4 5.Bg2 Nc6 6.Qa4 Bb4+ 7.Bd2 Nd5 8.Bxb4 
Nxb4 9.Na3 Rb8 10.O-O O-O 11.Qb5 b6 12.Qxc4 Ba6 13.Nb5 Qd5 14.Qxd5 Nxd5 
15.a4 Na5 16.Ne5 Rbd8 17.Nxa7 Nb4 18.Nb5 Bxb5 19.axb5 Rxd4 20.f4 Nc2 21.
Rac1 Ne3 22.Rf3 Nxg2 23.Kxg2 f6 24.Nc6 Nxc6 25.Rxc6 Rf7 26.Rxe6 Rfd7 27.
Rb3 Rc4 28.Kf3 Kf7 29.Ree3 f5 30.Rbc3 Rb4 31.Re5 g6 32.b3 h5 33.e3 Kg7 34.
Re6 Kh7 35.Re5 Kg7 36.h3 Kh6 37.g4 hxg4+ 38.hxg4 fxg4+ 39.Kxg4 Rf7 40.Kf3 
Rf5 41.Re6 Rf7 42.Rcc6 Rxb5 43.Rxg6+ Kh7 44.Rg2 Rxb3 45.Rc1 Kh8 46.Rh1+ 
Rh7 47.Rxh7+ Kxh7 48.f5 c5 49.Ke4 c4 50.f6 Rb1 51.Kd5 Rf1 52.Ke6 c3 53.Kf7
Kh6 54.e4 Rd1 55.Rc2 Re1 56.Rxc3 Rxe4 57.Rh3+ Kg5 58.Kg7 Re6 59.Rf3 b5 60.
Rf1 b4 61.Rg1+ Kf4 62.f7 Re7 63.Kf6 1-0

[Event "18th EUR-ch (w)"]
[Site "Riga LAT"]
[Date "2017.04.22"]
[Round "11.17"]
[White "Lazarne Vajda, Szidonia"]
[Black "Melia, Salome"]
[Result "1/2-1/2"]
[WhiteElo "2355"]
[BlackElo "2400"]
[EventDate "2017.04.11"]
[PlyCount "174"]

1.e4 c5 2.Nf3 Nc6 3.d4 cxd4 4.Nxd4 Nf6 5.Nc3 e5 6.Ndb5 d6 7.Bg5 a6 8.Na3 
b5 9.Bxf6 gxf6 10.Nd5 f5 11.Bd3 Be6 12.O-O Bxd5 13.exd5 Ne7 14.Re1 Bg7 15.
c3 O-O 16.Nc2 Qd7 17.a4 e4 18.Bf1 bxa4 19.Ne3 Rfb8 20.g3 Rxb2 21.Bh3 Qa7 
22.Rxa4 Qb6 23.Rf1 Qb3 24.Bxf5 Qxd1 25.Rxd1 Bxc3 26.Rxe4 Ng6 27.Nc4 Rbb8 
28.Nxd6 a5 29.Bd7 Bb4 30.Nb5 Rd8 31.Bc6 Rac8 32.Rdd4 Ne7 33.Rxb4 Nxc6 34.
Rbc4 Rxd5 35.Nd4 Ne7 36.Rxc8+ Nxc8 37.Nc6 Kf8 38.Ra4 Rd6 39.Nxa5 Ra6 40.
Ra1 Nd6 41.Nb3 Rb6 42.Nc5 Rb2 43.Re1 Rd2 44.Nd7+ Kg7 45.Ne5 Nf5 46.Nf3 Rd3
47.Kg2 Kf6 48.Re4 Rd5 49.Rf4 Kg7 50.Rg4+ Kf6 51.h4 h6 52.Rg8 Ne7 53.Re8 
Nc6 54.Re4 Rc5 55.Rf4+ Kg7 56.g4 Rc3 57.h5 Rc5 58.Nh4 Ne7 59.Re4 Kf8 60.f3
Rb5 61.Kg3 Ra5 62.Ng2 f5 63.Re6 fxg4 64.fxg4 Ng8 65.Rb6 Kg7 66.Nf4 Ne7 67.
Ne6+ Kf7 68.Nd4 Rd5 69.Nf3 Kg7 70.Re6 Ng8 71.Nh4 Rd3+ 72.Kf4 Kf7 73.Rg6 
Rd4+ 74.Ke5 Rd1 75.Nf5 Re1+ 76.Kf4 Re6 77.Nd6+ Ke7 78.Nf5+ Kf7 79.Rg7+ Kf8
80.Ra7 Rb6 81.Kg3 Rb3+ 82.Kh4 Rb6 83.Rd7 Re6 84.Rd8+ Kf7 85.Rd7+ Kf8 86.
Rb7 Ra6 87.Rd7 Re6 1/2-1/2

[Event "18th EUR-ch (w)"]
[Site "Riga LAT"]
[Date "2017.04.22"]
[Round "11.22"]
[White "Mammadzada, Gunay"]
[Black "Charochkina, Daria"]
[Result "1-0"]
[WhiteElo "2348"]
[BlackElo "2381"]
[EventDate "2017.04.11"]
[PlyCount "125"]

1.e4 d6 2.d4 Nf6 3.Nc3 c6 4.f4 Qa5 5.Bd3 e5 6.Nf3 exd4 7.Nxd4 g6 8.h3 Bg7 
9.Be3 O-O 10.O-O Nbd7 11.Qd2 Re8 12.Rae1 Nc5 13.Nb3 Nxb3 14.axb3 b5 15.Ra1
Qc7 16.b4 a6 17.Qf2 Bb7 18.Bd4 c5 19.bxc5 dxc5 20.Bxf6 Bxf6 21.e5 Bg7 22.
Be4 Rad8 23.Bxb7 Qxb7 24.Qxc5 b4 25.Na4 g5 26.Qf2 gxf4 27.Nc5 Qc8 28.Nd3 
b3 29.Rac1 bxc2 30.Rxc2 Qf5 31.Nxf4 Bxe5 32.Re2 Qf6 33.Rfe1 h6 34.Kh1 Kh7 
35.Qf3 Rd6 36.Qe4+ Kh8 37.Nd3 Rd4 38.Qe3 Rd5 39.Nxe5 Rexe5 40.Qxe5 Rxe5 
41.Rxe5 Qf2 42.R5e2 Qf6 43.Kg1 Qd4+ 44.Rf2 h5 45.Rf1 Kg7 46.Kh1 Kg6 47.b3 
Qb6 48.Rxf7 Qxb3 49.R7f6+ Kg7 50.Rxa6 Qc4 51.Raf6 Qe4 52.Rd6 Qe2 53.Rdf6 
Qe4 54.R6f4 Qd3 55.Kh2 Qd6 56.Kg3 Qg6+ 57.Kh4 Qd3 58.Kxh5 Qe2+ 59.g4 Qe8+ 
60.Rf7+ Kh8 61.Rf3 Kg8 62.g5 Qe2 63.Kh6 1-0

[Event "18th EUR-ch (w)"]
[Site "Riga LAT"]
[Date "2017.04.22"]
[Round "11.36"]
[White "Savina, Anastasia"]
[Black "Sandu, Mihaela"]
[Result "1/2-1/2"]
[WhiteElo "2378"]
[BlackElo "2261"]
[EventDate "2017.04.11"]
[PlyCount "33"]

1.d4 Nf6 2.c4 g6 3.Nc3 Bg7 4.e4 d6 5.Nf3 O-O 6.Be2 e5 7.O-O exd4 8.Nxd4 
Re8 9.f3 Nc6 10.Be3 Nh5 11.Qd2 Nxd4 12.Bxd4 Nf4 13.Rf2 Bxd4 14.Qxd4 Nxe2+ 
15.Rxe2 Be6 16.Rd1 c6 17.b3 1/2-1/2

[Event "18th EUR-ch (w)"]
[Site "Riga LAT"]
[Date "2017.04.22"]
[Round "11.39"]
[White "Makka, Ioulia"]
[Black "Berzina, Ilze"]
[Result "1/2-1/2"]
[WhiteElo "2069"]
[BlackElo "2297"]
[EventDate "2017.04.11"]
[PlyCount "20"]

1.e4 c6 2.d4 d5 3.Nc3 dxe4 4.Nxe4 Nd7 5.Nf3 Ngf6 6.Nxf6+ Nxf6 7.Ne5 Be6 8.
c3 g6 9.Be2 Bg7 10.O-O O-O 1/2-1/2

[Event "18th EUR-ch (w)"]
[Site "Riga LAT"]
[Date "2017.04.22"]
[Round "11.54"]
[White "Sinitsina, Anastassia"]
[Black "Movileanu, Daniela"]
[Result "1/2-1/2"]
[WhiteElo "2052"]
[BlackElo "2213"]
[EventDate "2017.04.11"]
[PlyCount "31"]

1.e4 c5 2.Ne2 d6 3.d4 cxd4 4.Nxd4 Nf6 5.f3 Bd7 6.c4 g6 7.Nc3 Bg7 8.Be3 Nc6
9.Qd2 O-O 10.Be2 Nxd4 11.Bxd4 Bc6 12.O-O a5 13.b3 Nd7 14.Bxg7 Kxg7 15.Qd4+
Kg8 16.a3 1/2-1/2

[Event "18th EUR-ch (w)"]
[Site "Riga LAT"]
[Date "2017.04.22"]
[Round "11.61"]
[White "De Seroux, Camille"]
[Black "Gundogan, Sinem Cagla"]
[Result "0-1"]
[WhiteElo "2122"]
[BlackElo "1885"]
[EventDate "2017.04.11"]
[PlyCount "148"]

1.e4 e5 2.Nf3 Nc6 3.Nc3 Nf6 4.Be2 Be7 5.d4 d6 6.h3 O-O 7.O-O Re8 8.Re1 Bf8
9.Bf1 h6 10.Be3 a6 11.a4 exd4 12.Bxd4 Nxd4 13.Qxd4 c5 14.Qd2 Bd7 15.Rad1 
Bc6 16.Bd3 Rb8 17.Qf4 Nh5 18.Qc1 b5 19.axb5 axb5 20.Nd5 Nf6 21.Nxf6+ Qxf6 
22.b3 Ra8 23.Nh2 h5 24.Qd2 g6 25.Qe2 c4 26.bxc4 bxc4 27.Bxc4 Bxe4 28.Qd2 
Rac8 29.Bd3 Ba8 30.Nf1 d5 31.Ng3 Bc5 32.Bb5 Rxe1+ 33.Rxe1 Rb8 34.Re8+ Rxe8
35.Bxe8 Qe5 36.Qe2 Qxg3 37.Bb5 Kg7 38.Qd2 Qe5 39.Qa5 Bb7 40.Bd7 Qd4 41.Qe1
Ba6 42.Bc6 Bc4 43.Bb7 Qf4 44.Bc6 Bd6 45.g3 Qf5 46.Be8 Qxh3 47.Qa1+ Kf8 48.
Bc6 Kg8 49.Qa8+ Kh7 50.Qa7 Qe6 51.Kg2 Kg7 52.Bd7 Qe4+ 53.Kg1 Qe7 54.Qa1+ 
Be5 55.Qe1 Bf6 56.Qxe7 Bxe7 57.Kg2 Kf6 58.f4 Be2 59.Kf2 Bg4 60.Bc6 Bc5+ 
61.Kg2 Ke6 62.Be8 Bf5 63.Ba4 Be4+ 64.Kh3 Bf5+ 65.Kg2 Bd4 66.Bb3 Bc3 67.Ba4
Kd6 68.Kf2 Kc5 69.Be8 f6 70.Ba4 Kd4 71.Bb3 Be4 72.Ba4 Bd2 73.Ke2 Kc3 74.
Bb3 d4 0-1

[Event "18th EUR-ch (w)"]
[Site "Riga LAT"]
[Date "2017.04.22"]
[Round "11.62"]
[White "Nikolajeva, Marija"]
[Black "Caglar, Sila"]
[Result "0-1"]
[WhiteElo "1673"]
[BlackElo "2093"]
[EventDate "2017.04.11"]
[PlyCount "128"]

1.d4 Nf6 2.c4 g6 3.Nc3 Bg7 4.e4 d6 5.Nf3 O-O 6.Be2 e5 7.Be3 Ng4 8.Bg5 f6 
9.Bh4 g5 10.Bg3 Nh6 11.dxe5 dxe5 12.Qd5+ Nf7 13.Rd1 Qe7 14.O-O c6 15.Qd3 
Nd7 16.a3 Nc5 17.Qc2 Ne6 18.b4 Nh8 19.c5 Ng6 20.Bc4 Kh8 21.Rd6 Nef4 22.Nd2
h5 23.Ne2 Nxe2+ 24.Bxe2 h4 25.Bh5 Kh7 26.Bxg6+ Kxg6 27.Bxh4 gxh4 28.f4 Kh7
29.f5 Bd7 30.Qd1 Be8 31.Qg4 Rd8 32.Qxh4+ Kg8 33.Nc4 Rb8 34.Rf3 Bf7 35.Rh3 
Rfc8 36.Ne3 Rd8 37.Qh7+ Kf8 38.Rg3 Bg8 39.Qg6 Qf7 40.h4 Qxg6 41.fxg6 Rxd6 
42.cxd6 Be6 43.Nf5 Bxf5 44.exf5 Rd8 45.Rd3 Rd7 46.Kf2 Kg8 47.Kf3 Bf8 48.g4
Rxd6 49.Re3 Rd4 50.Kg3 Be7 51.Kh3 b6 52.h5 Kg7 53.g5 fxg5 54.Rxe5 g4+ 55.
Kg2 Rd2+ 56.Kg1 Bf6 57.Re4 g3 58.Rg4 Bd4+ 59.Kf1 Rf2+ 60.Ke1 g2 61.f6+ 
Kxf6 62.g7 Rf1+ 63.Kd2 g1=Q 64.g8=Q Qe3+ 0-1

[Event "18th EUR-ch (w)"]
[Site "Riga LAT"]
[Date "2017.04.22"]
[Round "11.63"]
[White "Limanovska, Elizabete"]
[Black "Baptista, Ana Filipa"]
[Result "0-1"]
[WhiteElo "1990"]
[BlackElo "2071"]
[EventDate "2017.04.11"]
[PlyCount "82"]

1.e4 d6 2.d4 Nf6 3.Nc3 c6 4.f4 Qa5 5.Bd3 e5 6.fxe5 dxe5 7.dxe5 Ng4 8.Nf3 
Bc5 9.Rf1 Ne3 10.Bxe3 Bxe3 11.Nd2 Bxd2+ 12.Qxd2 Be6 13.O-O-O O-O 14.a3 
Qxe5 15.Ne2 c5 16.Nf4 Nc6 17.Nxe6 Qxe6 18.Qc3 Ne5 19.Be2 Rac8 20.Rd5 Nd7 
21.Bf3 Nb6 22.Rg5 Qh6 23.Qd2 Nc4 24.Qf4 f6 25.Rg4 Qxf4+ 26.Rxf4 g5 27.Rf5 
Ne3 28.Re1 Nxf5 29.exf5 Rfe8 30.Re6 Rxe6 31.fxe6 Rc7 32.Kd2 f5 33.g4 fxg4 
34.Bxg4 Kg7 35.Ke3 Kf6 36.Ke4 h5 37.Bxh5 Rh7 38.Bf3 Rxh2 39.Kd3 c4+ 40.
Kxc4 Rxc2+ 41.Kb3 Rc7 0-1

[Event "18th EUR-ch (w)"]
[Site "Riga LAT"]
[Date "2017.04.22"]
[Round "11.64"]
[White "Erneste, Inguna"]
[Black "Ristoja, Aulikki"]
[Result "1-0"]
[WhiteElo "2168"]
[BlackElo "1716"]
[EventDate "2017.04.11"]
[PlyCount "69"]

1.e4 d5 2.exd5 Qxd5 3.Nc3 Qa5 4.d4 Nf6 5.Nf3 Bg4 6.h3 Bxf3 7.Qxf3 c6 8.Bd2
Qb6 9.Qd3 e6 10.O-O-O Nbd7 11.Na4 Qc7 12.g3 b5 13.Nc3 b4 14.Na4 Qa5 15.Qa6
Qxa6 16.Bxa6 c5 17.Bf4 cxd4 18.Bb7 Rd8 19.Bc7 e5 20.f4 exf4 21.Rhe1+ Be7 
22.gxf4 Nb8 23.Bxd8 Kxd8 24.Rxd4+ Nfd7 25.Bd5 Rf8 26.Red1 g5 27.f5 h5 28.
Bf3 g4 29.hxg4 hxg4 30.Rxg4 Ke8 31.Rc4 Bg5+ 32.Kb1 a5 33.Re1+ Kd8 34.Bb7 
Nf6 35.Rc8+ 1-0

[Event "18th EUR-ch (w)"]
[Site "Riga LAT"]
[Date "2017.04.22"]
[Round "11.65"]
[White "Narva, Regina"]
[Black "Golsta, Ramona"]
[Result "1-0"]
[WhiteElo "2000"]
[BlackElo "1560"]
[EventDate "2017.04.11"]
[PlyCount "63"]

1.e4 c5 2.Nf3 Nc6 3.c3 d5 4.exd5 Qxd5 5.d4 Bf5 6.Be3 O-O-O 7.Qa4 cxd4 8.
cxd4 e5 9.Nc3 Bb4 10.dxe5 Nge7 11.Be2 Bxc3+ 12.bxc3 Nxe5 13.O-O N7c6 14.
Bxa7 Nxa7 15.Qxa7 Nc6 16.Qb6 Qa5 17.Qxa5 Nxa5 18.Nd4 Be4 19.Rfe1 Rhe8 20.
Bb5 Bc6 21.Nxc6 Rxe1+ 22.Rxe1 Nxc6 23.g3 Rd6 24.Re4 Kc7 25.Kg2 Kd7 26.Rd4 
Ke7 27.Re4+ Kd8 28.Kf3 Rd2 29.Bxc6 bxc6 30.Rd4+ Rxd4 31.cxd4 Kc7 32.Ke4 
1-0

[Event "18th EUR-ch (w)"]
[Site "Riga LAT"]
[Date "2017.04.22"]
[Round "11.66"]
[White "Norlamo, Sarabella"]
[Black "Heinatz, Maria"]
[Result "1/2-1/2"]
[WhiteElo "1619"]
[BlackElo "1990"]
[EventDate "2017.04.11"]
[PlyCount "82"]

1.d4 Nf6 2.Nf3 g6 3.c4 Bg7 4.Nc3 O-O 5.h3 c5 6.d5 d6 7.Bf4 a6 8.e4 Nh5 9.
Bd2 Bd7 10.a4 a5 11.Qb3 b6 12.Nb5 Na6 13.Bc3 Nb4 14.Bxg7 Kxg7 15.Qc3+ Kg8 
16.Qd2 f5 17.e5 dxe5 18.Nxe5 Bxb5 19.axb5 Qd6 20.Nc6 e6 21.Be2 exd5 22.
Nxb4 cxb4 23.Bxh5 gxh5 24.O-O-O Rac8 25.b3 Rfd8 26.Kb1 Qf6 27.cxd5 Rc3 28.
Ka2 a4 29.Qe2 axb3+ 30.Kb1 Rd6 31.Rd2 Qg6 32.f4 Qf6 33.Re1 Rc7 34.Qxh5 Ra7
35.Qe8+ Kg7 36.Qe5 Ra5 37.Qe7+ Kg6 38.Qxf6+ Kxf6 39.Re5 Rxb5 40.Kb2 Rc5 
41.Kxb3 b5 1/2-1/2

[Event "18th EUR-ch (w)"]
[Site "Riga LAT"]
[Date "2017.04.22"]
[Round "11.67"]
[White "Zvereva, Margarita"]
[Black "Parhomenko, Margarita"]
[Result "0-1"]
[WhiteElo "1771"]
[BlackElo "1987"]
[EventDate "2017.04.11"]
[PlyCount "62"]

1.e4 d5 2.exd5 Qxd5 3.Nc3 Qa5 4.d4 Nf6 5.Nf3 c6 6.h3 Bf5 7.Bc4 e6 8.Bd2 
Qc7 9.Qe2 Bd6 10.Bd3 Bxd3 11.Qxd3 Nbd7 12.O-O-O O-O 13.g4 b5 14.Rdg1 b4 
15.Ne4 Nxe4 16.Qxe4 c5 17.h4 cxd4 18.Nxd4 Nc5 19.Qf3 Be5 20.Ne2 Rad8 21.
Be3 Nd3+ 22.Kb1 Nxb2 23.Bf4 Nc4 24.Kc1 Na3 25.Qb3 Bxf4+ 26.Nxf4 Qxf4+ 27.
Qe3 Qc4 28.Qb3 Qd4 29.Qd3 Qa1+ 30.Kd2 Rxd3+ 31.cxd3 Qxa2+ 0-1

[Event "18th EUR-ch (w)"]
[Site "Riga LAT"]
[Date "2017.04.22"]
[Round "11.68"]
[White "Atte, Rebeka"]
[Black "Harlinska, Sandra"]
[Result "1-0"]
[WhiteElo "1498"]
[BlackElo "1881"]
[EventDate "2017.04.11"]
[PlyCount "73"]

1.c4 Nf6 2.Nc3 g6 3.g3 Bg7 4.Bg2 c6 5.Nf3 O-O 6.O-O d5 7.cxd5 cxd5 8.Qa4 
Bd7 9.Qb4 Bc6 10.d3 Na6 11.Qh4 Re8 12.Rb1 e5 13.Bh6 d4 14.Nd1 Nb4 15.a3 
Nbd5 16.Ng5 Nh5 17.Bxg7 Kxg7 18.b4 a6 19.Nb2 h6 20.Nf3 Qxh4 21.Nxh4 Nc3 
22.Bxc6 Nxe2+ 23.Kg2 bxc6 24.Rfe1 Nc3 25.Rbc1 c5 26.bxc5 Rac8 27.Nc4 Rxc5 
28.Nf3 f6 29.Nxd4 Nb5 30.Nxb5 axb5 31.Nd6 Rxc1 32.Rxc1 Rd8 33.Nxb5 Rxd3 
34.Rc7+ Kg8 35.a4 Rd5 36.Rb7 Ng7 37.a5 1-0